| 000 | 01085nam a22002657a 4500 | ||
|---|---|---|---|
| 005 | 20240530110541.0 | ||
| 008 | 160512s2014 su ahk g b 000 0 ara d | ||
| 017 |
_a1434/7492 _bالسعودية . مكتبة الملك فهد الوطنية |
||
| 020 | _a9786038139004 | ||
| 040 | _aEG-CaGPL | ||
| 082 | 0 | 4 |
_221 _a613.2\ _bأ ت |
| 100 | 0 | _aايمان على صديق فضل الله | |
| 245 | 1 | 2 |
_aالتغذية الاكلينيكية = _bClinical Nutrition / _cايمان على صديق فضل الله ، ايمن على صديق فضل الله ، داليا حافظ امين |
| 246 | 1 | 1 | _aClinical Nutrition |
| 250 | _aط. 1 | ||
| 260 |
_aالرياض : _bدار الزهراء ، _c2014 . |
||
| 300 |
_a648 ص. : _bايض ؛ _c24 سم . |
||
| 504 | _aيشتمل على ارجاعات ببليوجرافية | ||
| 650 | 0 | 4 | _aالتغذية |
| 650 | 0 | 4 | _aالتغذية الطبية |
| 700 | 0 |
_aايمن على صديق فضل الله _eمؤلف مشارك |
|
| 700 | 0 |
_aداليا حافظ امين _eمؤلف مشارك |
|
| 942 |
_2ddc _cBK |
||
| 999 |
_c62256 _d62256 |
||